000
00191nam a22000977a 4500
041
_a
eng
080
_a
80
100
_a
Kozyr-Kowalski, S.
245
_a
Max Weber a Karol Marks.
999
_c
280896
_d
280896
942
_c
BK